Famous People from Missouri - Statistics

General Stats
  • This quiz has been taken 79 times
  • The average score is 8 of 15
Answer Stats
Hint Answer % Correct
Author and humorist known for "The Adventures of Tom Sawyer" Mark Twain
94%
Rapper who had a starring role in "8 Mile" Eminem
79%
Only U.S. president born in Missouri Harry S. Truman
79%
Singer and guitarist known for "Johnny B. Goode" Chuck Berry
63%
Namesake of a famous space telescope Edwin Hubble
63%
Yankees catcher and manager Yogi Berra
62%
Notable outlaw and bank robber Jesse James
60%
Poet known for her autobiography "I Know Now Why the Caged Bird Sings" Maya Angelou
44%
Singer of "All I Wanna Do" and "If It Makes You Happy" Sheryl Crow
44%
Actress and dancing partner of Fred Astaire Ginger Rogers
43%
Late conservative radio personality and author Rush Limbaugh
43%
Actress who portrayed Pam in "The Office" Jenna Fischer
37%
Frontierswoman and acquaintance of Wild Bill Hickock Calamity Jane
22%
Founder of a luxury clothing designer company with her brother Andy Kate Spade
15%
Stand-up comedian who hosted BET's "ComicView" Cedric the Entertainer
7%
No matching quizzes found
Score Distribution
Percent of People with Each Score
Percentile by Number Answered
Your Score History
You have not taken this quiz